| 000 | 002950000a22001090004500 | ||
|---|---|---|---|
| 090 |
_aAs _bSeriadas |
||
| 245 | 1 | 0 | _aSociedad, Cultura y medio ambiente |
| 041 | 0 | _aEspañol | |
| 100 | 1 |
_aMaya, Augusto Angel _912823 |
|
| 942 | _cARTICULO | ||
| 773 | 1 |
_tColombia Ciencia & Tecnología _h3 _q12-17 _d1997 _g15 |
|
| 999 |
_c15690 _d15690 |
||